MARC

LEADER 00000nam0a2200000 4500
001 349780
005 20231102010233.0
035 |a (RuTPU)RU\TPU\retro\2734 
090 |a 349780 
100 |a 20180903d1957 km y0rusy50 ca 
101 2 |a rus 
102 |a RU 
105 |a a z 000zy 
200 1 |a Паровые котлы западноевропейских стран  |e переводы статей  |f Всесоюзный государственный трест по организации и рационализации районных электрических станций и сетей (ОРГРЭС) ; пер. М. А. Стыриковича 
210 |a Москва  |a Ленинград  |c Государственное энергетическое изд-во  |d 1957 
215 |a 56 с.  |c ил. 
225 1 |a Энергетика за рубежом 
316 |5 63413507: КР-5729  |a На обложке и титульном листе владельческая подпись: "Бутаков" 
317 |5 63413507: КР-5729  |a Поступила в НТБ в 1970 г. в составе книжного собрания профессора ТПИ И. Н. Бутакова 
606 1 |a Паровые котлы  |2 stltpush  |3 (RuTPU)RU\TPU\subj\71412  |9 85333 
610 1 |a библиотека И. Н. Бутакова 
610 1 |a бурый уголь 
610 1 |a пылеугольные котлы 
610 1 |a режим работы 
610 1 |a котлостроение 
610 1 |a элементы 
610 1 |a надежность 
610 1 |a конструкции 
610 1 |a владельческая надпись 
675 |a 621.181  |v 4 
702 1 |a Стырикович  |b М. А.  |4 730 
712 0 2 |a Всесоюзный государственный трест по организации и рационализации районных электрических станций и сетей (ОРГРЭС)  |c (Москва)  |c (1939-1977)  |2 stltpush  |3 (RuTPU)RU\TPU\col\8705 
801 1 |a RU  |b 63413507  |c 20180903 
801 2 |a RU  |b 63413507  |c 20191001  |g RCR 
942 |c BK